Champions League hat-tricks - Statistics

General Stats
  • This quiz has been taken 35 times
  • The average score is 75 of 162
Answer Stats
Team Round Player Year % Correct
Real Madrid GW 6 Karim Benzema 10-11
97%
Real Madrid GW 6 Karim Benzema 15-16
97%
Real Madrid Round of 16 Karim Benzema 21-22
97%
Real Madrid Quarter-Finals Karim Benzema 21-22
97%
Barcelona Quarter-Finals Lionel Messi 09-10
97%
Barcelona GW 4 Lionel Messi 11-12
97%
Barcelona Round of 16 Lionel Messi 11-12
97%
Barcelona GW 1 Lionel Messi 13-14
97%
Barcelona GW 5 Lionel Messi 14-15
97%
Barcelona GW 1 Lionel Messi 16-17
97%
Barcelona GW 3 Lionel Messi 16-17
97%
Barcelona GW 1 Lionel Messi 18-19
97%
Real Madrid GW 2 Cristiano Ronaldo 12-13
93%
Real Madrid GW 1 Cristiano Ronaldo 13-14
93%
Real Madrid GW 1 Cristiano Ronaldo 15-16
93%
Real Madrid GW 6 Cristiano Ronaldo 15-16
93%
Real Madrid Quarter-Finals Cristiano Ronaldo 15-16
93%
Real Madrid Quarter-Finals Cristiano Ronaldo 16-17
93%
Real Madrid Semi-Finals Cristiano Ronaldo 16-17
93%
Juventus Round of 16 Cristiano Ronaldo 18-19
93%
Red Bull Salzburg GW 1 Erling Haaland 19-20
93%
Manchester City Round of 16 Erling Haaland 22-23
93%
Paris Saint-Germain GW 3 Kylian Mbappé 19-20
93%
Paris Saint-Germain Round of 16 Kylian Mbappé 20-21
93%
Barcelona GW 6 Neymar 13-14
93%
Paris Saint-Germain GW 2 Neymar 18-19
93%
Paris Saint-Germain GW 6 Neymar 20-21
93%
Borussia Dortmund Semi-Finals Robert Lewandowski 12-13
90%
Bayern Munich GW 2 Robert Lewandowski 15-16
90%
Bayern Munich GW 5 Robert Lewandowski 19-20
90%
Bayern Munich GW 4 Robert Lewandowski 21-22
90%
Bayern Munich Round of 16 Robert Lewandowski 21-22
90%
Barcelona GW 1 Robert Lewandowski 22-23
90%
Real Madrid Quarter-Finals Ronaldo 02-03
90%
Liverpool GW 4 Mohamed Salah 22-23
87%
Inter Milan GW 8 Lautaro Martínez 24-25
83%
Manchester City GW 5 Sergio Aguero 14-15
83%
Manchester City GW 1 Sergio Aguero 16-17
83%
Real Madrid GW 3 Vinícius Júnior 24-25
83%
Spurs GW 2 Harry Kane 17-18
80%
Bayern Munich GW 1 Harry Kane 24-25
80%
Paris Saint-Germain GW 8 Ousmane Dembélé 24-25
80%
Manchester United GW 2 Wayne Rooney 04-05
77%
Spurs GW 3 Gareth Bale 10-11
73%
Barcelona GW 3 Raphinha 24-25
73%
Liverpool Round of 16 Sadio Mane 17-18
70%
Liverpool GW 4 Luis Diaz 24-25
67%
Manchester City GW 3 Raheem Sterling 19-20
67%
Paris Saint-Germain GW 3 Zlatan Ibrahimović 13-14
67%
Newcastle United Round 2 GW 4 Alan Shearer 02-03
60%
Manchester United Round of 16 Robin Van Persie 13-14
60%
Barcelona GW 4 Samuel Eto'o 05-06
60%
Inter Milan GW 2 Samuel Eto'o 10-11
60%
Juventus Semi-Finals Alessandro Del Piero 97-98
57%
Dynamo Kyiv GW 4 Andriy Shevchenko 97-98
57%
Milan GW 5 Andriy Shevchenko 05-06
57%
Marseille GW 2 Didier Drogba 03-04
57%
Chelsea GW 2 Didier Drogba 06-07
57%
Manchester United GW 2 Marcus Rashford 20-21
57%
Borussia Dortmund Round of 16 Pierre-Emerick Aubameyang 16-17
57%
Arsenal Round 2 GW 1 Thierry Henry 02-03
57%
Roma GW 2 Edin Dzeko 18-19
53%
Spurs Semi-Finals Lucas Moura 18-19
53%
Arsenal GW 6 Olivier Giroud 15-16
53%
Chelsea GW 5 Olivier Giroud 20-21
53%
Real Madrid GW 3 Raul 95-96
53%
Real Madrid GW 4 Rodrygo 19-20
53%
Barcelona GW 2 Ronaldinho 05-06
53%
Liverpool GW 3 Diogo Jota 20-21
50%
PSV GW 5 Ruud van Nistelrooy 98-99
50%
Manchester United GW 4 Ruud van Nistelrooy 04-05
50%
Sporting CP GW 4 Viktor Gyökeres 24-25
50%
Juventus Quarter-Finals Filippo Inzaghi 97-98
47%
Juventus GW 1 Filippo Inzaghi 00-01
47%
Milan GW 2 Filippo Inzaghi 02-03
47%
Milan GW 4 Kaka 06-07
47%
Bayern Munich GW 4 Mario Gomez 10-11
47%
Bayern Munich GW 4 Mario Gomez 11-12
47%
Bayern Munich Round of 16 Mario Gomez 11-12
47%
Liverpool GW 4 Michael Owen 02-03
47%
Manchester United GW 6 Michael Owen 09-10
47%
Manchester City GW 4 Gabriel Jesus 18-19
43%
Manchester City GW 6 Gabriel Jesus 19-20
43%
Arsenal GW 3 Mesut Özil 16-17
43%
Liverpool GW 6 Philippe Coutinho 17-18
43%
Barcelona GW 4 Rivaldo 00-01
43%
Inter Milan Round of 16 Adriano 04-05
40%
Inter Milan GW 5 Adriano 05-06
40%
Manchester United GW 4 Andy Cole 97-98
40%
Manchester United GW 1 Andy Cole 00-01
40%
Shakhtar Donetsk GW 5 Luiz Adriano 12-13
40%
Shakhtar Donetsk GW 3 Luiz Adriano 14-15
40%
Shakhtar Donetsk GW 4 Luiz Adriano 14-15
40%
Atlético Madrid GW 5 Mario Mandžukić 14-15
40%
Juventus GW 2 Paulo Dybala 18-19
40%
CFR Cluj GW 5 Rui Pedro 12-13
40%
Bayern Munich GW 2 Serge Gnabry 19-20
40%
Lazio Round 2 GW 5 Simone Inzaghi 99-00
40%
Valencia GW 1 Fernando Morientes 06-07
37%
Milan GW 1 Marco van Basten 92-93
37%
RB-Leipzig GW 1 Christopher Nkunku 21-22
33%
Aston villa GW 8 Morgan Rogers 24-25
33%
Ajax GW 1 Sébastien Haller 21-22
33%
Benfica GW 7 Vangelis Pavlidis 24-25
33%
Deportivo La Coruña GW 1 Roy Makaay 02-03
30%
Bayern Munich GW 2 Roy Makaay 04-05
30%
Sevilla GW 2 Wissam Ben Yedder 17-18
27%
VFL Wolfsburg GW 1 Grafite 09-10
23%
Atalanta Round of 16 Josip Iličić 19-20
23%
Bayern Munich Semi-Finals Ivica Olic 09-10
20%
PSV Second Round Romário 92-93
20%
Borussia Mönchengladbach GW 3 Alassane Pléa 20-21
17%
Napoli GW 6 Arkadiusz Milik 19-20
17%
Ajax GW 2 Jari Litmanen 95-96
17%
Villarreal GW 3 Joseba Llorente 08-09
17%
Borussia Dortmund GW 2 Karim Adeyemi 24-25
17%
Paris Saint-Germain GW 4 Layvin Kurzawa 17-18
17%
Dinamo Zagreb GW 1 Mislav Orsic 19-20
17%
Manchester City GW 4 Alvaro Negredo 13-14
13%
Barcelona GW 6 Arda Turan 16-17
13%
Juventus GW 5 Arturo Vidal 13-14
13%
Arsenal GW 2 Danny Welbeck 14-15
13%
Porto GW 3 Evanilson 23-24
13%
Newcastle United GW 1 Faustino Asprilla 97-98
13%
Benfica GW 5 Joao Mario 23-24
13%
Liverpool GW 4 Yossi Benayoun 07-08
13%
İstanbul Başakşehir GW 5 İrfan Kahveci 20-21
10%
Blackburn Rovers GW 6 Mike Newell 95-96
10%
Arsenal Round of 16 Nicklas Bendtner 09-10
10%
Valencia GW 5 Roberto Soldado 11-12
10%
Valencia GW 3 Roberto Soldado 12-13
10%
Lyon Round of 16 Sylvain Wiltord 04-05
10%
Lyon GW 6 Bafétimbi Gomis 11-12
7%
Lazio GW 5 Claudio Lopez 00-01
7%
Bayern Munich GW 4 Claudio Pizarro 12-13
7%
Monaco GW 4 Dado Prso 03-04
7%
Valencia Quarter-Finals Gerard Lopez 99-00
7%
Milan GW 2 Marco Simone 96-97
7%
Monaco GW 3 Marco Simone 00-01
7%
Spartak Moscow GW 1 Andrei Tikhonov 99-00
3%
Marseille GW 4 André-Pierre Gignac 10-11
3%
Werder Bremen First Round Bernd Hobsch 93-94
3%
Galatasaray GW 4 Burak Yılmaz 12-13
3%
Marseille GW 4 Franck Sauzée 92-93
3%
Rosenborg GW 3 Frode Johnsen 00-01
3%
Werder Bremen GW 4 Ivan Klasnic 04-05
3%
Shakhtar Donetsk GW 5 Jadson 08-09
3%
PSV First Round Juul Ellerman 92-93
3%
Olympiacos GW 2 Kostas Mitroglou 13-14
3%
Schalke 04 GW 5 Levan Kobiashvili 05-06
3%
Arsenal GW 6 Lucas Perez 16-17
3%
Anderlecht First Round Luc Nilis 93-94
3%
Olympiacos GW 1 Predrag Đorđević 02-03
3%
CSKA Moscow GW 6 Sergei Semak 04-05
3%
Spartak Moscow First Round Sergey Rodionov 93-94
3%
Rosenborg GW 3 Sigurd Rushfeldt 98-99
3%
Fenerbahçe GW 6 Tuncay Şanlı 04-05
3%
1. FC Kaiserslautern GW 6 Uwe Rosler 98-99
3%
Udinese GW 1 Vincenzo Iaquinta 05-06
3%
Deportivo La Coruña Round 2 GW 5 Walter Pandiani 00-01
3%
Porto GW 1 Yacine Brahimi 14-15
3%
Maccabi Haifa GW 2 Yakubu 02-03
3%
No matching quizzes found
Score Distribution
Percent of People with Each Score
Percentile by Number Answered
Your Score History
You have not taken this quiz